| Поле | Название | Значение |
| |
Тип записи |
a |
| |
Библиографический уровень |
m |
| 001 |
Контрольный номер |
SKBR/c73d6b10-ad24-47e9-a2d4-cec9199aa8f3 |
| 005 |
Дата корректировки |
20231215113125.7 |
| 010 |
Индекс ISBN |
__ |
| a |
ISBN |
978-5-9907478-2-1 |
| 9 |
Тираж |
1000 экз. |
| d |
Цена |
250-00 |
| 021 |
№ государственной регистрации |
__ |
| a |
Код страны |
RU |
| b |
№ документа |
2017-86372 |
| 035 |
Другие системные номера |
__ |
| a |
Идентификатор записи |
(RuMoRGB)009452349 |
| 035 |
Другие системные номера |
__ |
| a |
Идентификатор записи |
RU\NLR\BIBL_A\011549187 |
| 100 |
Данные общей обработки |
__ |
| a |
Данные общей обработки |
20171207d2017 me y0rusy028902 ca |
| 101 |
Язык документа |
1_ |
| a |
Язык текста |
rus |
| a |
Язык текста |
eng |
| 102 |
Страна публикации |
__ |
| a |
Страна публикации |
RU |
| 105 |
Кодированные данные (монография) |
__ |
| a |
Кодированные данные (монография) |
ach z 000zb |
| 181 |
Поле кодированных данных: вид содержания |
_0 |
| a |
Код вида содержания (ISBD) |
i |
| 181 |
Поле кодированных данных: вид содержания |
_0 |
| a |
Код вида содержания (ISBD) |
b |
| 182 |
Поле кодированных данных: тип средства |
_0 |
| a |
Код типа средства (ISBD) |
n |
| 200 |
Заглавие и сведения об ответственности |
1_ |
| a |
Заглавие |
Вторая Международная Елабужская триеннале экслибриса - 2015 "Посвящается Марине Цветаевой" |
| d |
Параллельное заглавие |
The Second international Yelabuga ex libris triennial - 2015 "Dedicated to Marina Tsvetaeva" |
| e |
Сведения, относящиеся к заглавию |
каталог [выставки], выставочный зал Елабужского государственного историко-архитектурного и художественного музея-заповедника, 2-30 октября 2015 г. |
| f |
Первые сведения об ответственности |
Министерство культуры Республики Татарстан, Елабужский государственный историко-архитектурный и художественный музей-заповедник |
| g |
Последующие сведения об ответственности |
авторы идеи Г. Р. Руденко С. М. Гилязетдинов ; составитель Е. А. Паршикова ; редактор А. А. Деготьков ; перевод: С. А. Андарзянова |
| z |
Язык параллельного заглавия |
eng |
| 203 |
Вид содержания и тип средства |
__ |
| a |
Вид содержания |
Текст |
| a |
Вид содержания |
Изображение |
| c |
Тип средства |
непосредственные |
| 210 |
Выходные данные |
1_ |
| a |
Место издания |
Казань |
| c |
Издательство |
Заман |
| d |
Дата издания |
2017 |
| 215 |
Физическое описание |
__ |
| a |
Объем |
167 с. |
| c |
Иллюстрации/тип воспроизводства |
ил., цв. ил., портр. |
| d |
Формат |
23 см |
| 300 |
Общие примечания |
__ |
| a |
Общие примечания |
Заглавие обложки: Елабужская триеннале экслибриса |
| 300 |
Общие примечания |
__ |
| a |
Общие примечания |
Текст параллельно на русском, английском |
| 330 |
Аннотация |
__ |
| a |
Аннотация |
Издание подготовлено по итогам проведения второй Елабужской международной триеннале экслибриса – 2015 «Посвящается Марине Цветаевой». Арт-проект взял старт в 2012 году, вырос до международного уровня, объединив в 2015 году 88 участников из 11 стран мира. Все работы мастеров экслибриса хранятся в Елабужском музее-заповеднике. |
| 512 |
Заглавие обложки |
1_ |
| a |
Заглавие обложки |
Елабужская триеннале экслибриса |
| 600 |
Персоналии |
_1 |
| a |
Персоналии (Фамилия) |
Цветаева |
| b |
Персоналии (Имя) |
М. И. |
| g |
Полное имя |
Марина Ивановна |
| f |
Даты |
1892-1941 |
| 2 |
Код системы |
nlr_sh |
| 601 |
Наименование организации как предмет |
02 |
| a |
Наименование организации как предмет |
Елабужский государственный историко-архитектурный и художественный музей-заповедник |
| 2 |
Код системы |
nlr_sh |
| 606 |
Тематические рубрики |
__ |
| 2 |
Код системы |
nlr_sh |
| a |
Основная рубрика |
Литературоведение |
| 606 |
Тематические рубрики |
__ |
| 2 |
Код системы |
nlr_sh |
| a |
Основная рубрика |
Русская литература XX в. |
| 606 |
Тематические рубрики |
__ |
| 2 |
Код системы |
nlr_sh |
| a |
Основная рубрика |
Изобразительное искусство и архитектура |
| 606 |
Тематические рубрики |
__ |
| 2 |
Код системы |
nlr_sh |
| a |
Основная рубрика |
Виды и жанры графики |
| 610 |
Ключевые слова |
0_ |
| a |
Ключевые слова |
музейные выставки |
| 610 |
Ключевые слова |
0_ |
| a |
Ключевые слова |
экслибрисы |
| 610 |
Ключевые слова |
0_ |
| a |
Ключевые слова |
книжные знаки |
| 610 |
Ключевые слова |
0_ |
| a |
Ключевые слова |
цветаеведение |
| 610 |
Ключевые слова |
0_ |
| a |
Ключевые слова |
русские поэтессы |
| 610 |
Ключевые слова |
0_ |
| a |
Ключевые слова |
поэты в искусстве |
| 610 |
Ключевые слова |
0_ |
| a |
Ключевые слова |
писатели в искусстве |
| 610 |
Ключевые слова |
0_ |
| a |
Ключевые слова |
каталоги выставок |
| 610 |
Ключевые слова |
0_ |
| a |
Ключевые слова |
русские писательницы |
| 686 |
Индексы других классификаций |
__ |
| a |
Классификационный индекс |
85.158.7л61 |
| 2 |
Код системы |
rubbks |
| 686 |
Индексы других классификаций |
__ |
| a |
Классификационный индекс |
83.3(2=411.2)6-8л61 |
| 2 |
Код системы |
rubbks |
| 702 |
Вторичная интеллектуальная ответственность |
_1 |
| a |
Фамилия |
Паршикова |
| b |
Имя |
Е. А. |
| g |
Полное личное имя |
Елена Александровна |
| 4 |
Код отношения |
220 |
| 702 |
Вторичная интеллектуальная ответственность |
_1 |
| a |
Фамилия |
Руденко |
| b |
Имя |
Г. Р. |
| f |
Даты |
1956- |
| g |
Полное личное имя |
Гульзада Ракиповна |
| 4 |
Код отношения |
245 |
| 702 |
Вторичная интеллектуальная ответственность |
_1 |
| a |
Фамилия |
Гилязетдинов |
| b |
Имя |
С. М. |
| f |
Даты |
1959- |
| g |
Полное личное имя |
Салават Мухаметович |
| 4 |
Код отношения |
245 |
| 702 |
Вторичная интеллектуальная ответственность |
_1 |
| a |
Фамилия |
Деготьков |
| b |
Имя |
А. А. |
| g |
Полное личное имя |
Александр Анатольевич |
| 4 |
Код отношения |
340 |
| 702 |
Вторичная интеллектуальная ответственность |
_1 |
| a |
Фамилия |
Андарзянова |
| b |
Имя |
С. А. |
| g |
Полное личное имя |
Светлана А. |
| 4 |
Код отношения |
730 |
| 710 |
Наименование организации. (Первичная ответственность) |
12 |
| a |
Организация/ юрисдикция |
Международная Елабужская триеннале экслибриса |
| d |
Порядковый номер |
2 |
| f |
Дата проведения |
2015 |
| 712 |
Наименование организации (Вторичная ответственность) |
02 |
| a |
Организация/ юрисдикция |
Республика Татарстан |
| b |
Другие уровни |
Министерство культуры |
| 712 |
Наименование организации (Вторичная ответственность) |
02 |
| a |
Организация/ юрисдикция |
Елабужский государственный историко-архитектурный и художественный музей-заповедник |
| 801 |
Источник записи |
_0 |
| a |
Страна |
RU |
| b |
Организация |
NLR |
| c |
Дата составления |
20171207 |
| g |
Правила каталогизации |
RCR |
| 801 |
Источник записи |
_1 |
| a |
Страна |
RU |
| b |
Организация |
NLR |
| c |
Дата составления |
20171207 |
| g |
Правила каталогизации |
PSBO |
| 801 |
Источник записи |
_2 |
| a |
Страна |
RU |
| b |
Организация |
NLR |
| c |
Дата составления |
20180215 |
| 2 |
Код формата |
rusmarc |
| g |
Правила каталогизации |
PSBO |
| 852 |
Данные о местонахождении |
__ |
| i |
Авторский знак |
М 43 |
| j |
Шифр хранения |
85.158.7л61 |
| 900 |
Макрообъекты |
__ |
| a |
Макрообъекты |
Вторая Международная Елабужская триеннале экслибриса - 2015, 2017 |
| 901 |
Тип документа |
__ |
| a |
Ответственный |
КиК/Котельникова |
| t |
Тип документа |
m |
| 903 |
Характеристики (МАРС) |
__ |
| a |
Дата передачи |
20230216 |
| c |
Наименование библиотеки (МАРС) |
Муниципальное бюджетное учреждение культуры "Централизованная библиотечная система" г. Сургут (Центральная городская библиотека им. А. С. Пушкина) |
| 969 |
Тип издания |
__ |
| a |
Тип издания |
каталог |
| 990 |
Данные о заказе (DOS) |
__ |
| j |
Количество экземпляров (DOS) |
1 |
| t |
N записи в КСУ для И/У (DOS) |
202304 |